| 000 | 00844cam a22002653a 4500 | ||
|---|---|---|---|
| 001 | 12261 | ||
| 003 | PGUSA | ||
| 005 | 20140828083247.0 | ||
| 008 | 040501s2004||||xxu|||||s|||||000 | eng d | ||
| 040 |
_aPGUSA _beng |
||
| 042 | _adc | ||
| 050 | 4 | _aBL | |
| 100 | 1 |
_aFrazer, James George, _d1854-1941 |
|
| 245 | 1 | 0 |
_aBalder the Beautiful, Volume I. : _bA Study in Magic and Religion: the Golden Bough, Part VII., The Fire-Festivals of Europe and the Doctrine of the External Soul _h[electronic resource] / _cJames George Frazer |
| 260 |
_bProject Gutenberg, _c2004 |
||
| 506 | _aPublic domain in the USA. | ||
| 516 | _aElectronic text | ||
| 653 | _aReligion | ||
| 653 | _aSuperstition | ||
| 653 | _aMagic | ||
| 653 | _aMythology | ||
| 830 | 0 |
_aProject Gutenberg _v12261 |
|
| 856 | 4 | 0 | _uhttp://www.gutenberg.org/ebooks/12261 |
| 942 | _cEB | ||
| 999 |
_c241516 _d241516 |
||